| 000 | 00695nam a2200241Ia 4500 | ||
|---|---|---|---|
| 999 |
_c35009 _d35009 |
||
| 001 | 847 | ||
| 003 | GE_BSU | ||
| 005 | 20220920160156.0 | ||
| 008 | 181216s1999||||rus|||||||||||||| ||ru || | ||
| 020 | _a5777700314 | ||
| 040 | _cGE_BSU | ||
| 050 | _aru | ||
| 080 | _a94(470) В-35 | ||
| 100 |
_aВерт, Н. _914646 |
||
| 245 |
_aИстория советского государства 1900-1991 _cН. Верт. |
||
| 250 | _a2-е испр. | ||
| 264 |
_aМосква : _b''Весь мир'', _c1999. |
||
| 300 | _a544 стр. | ||
| 653 | _aИстория | ||
| 653 | _aИстория советского государства | ||
| 653 | _aისტორია | ||
| 942 |
_cBK _2udc |
||